00448nam a22001457a 450000500170000001000150001702000260003203500140005803700130007208200150008524500940010026000370019427000480023130000230027920170518125158.0 aENG-118224 a9788188965885c575.00 aEN-101756 bDBAD/PUB a306.810954 aConjugality unbound /bSexual economics, state regulation and the marital form in india / aNew DelhibWomen Unlimitedc2014 a7/10,FF, Sarvapriya Vihar New Delhi 110016 a283p.c22cm. (pbk)